Genaral Knollewdge Quiz - Statistics

General Stats
  • This quiz has been taken 321 times
  • The average score is 4 of 16
Answer Stats
Hint Answer % Correct
Which Is The biggest Country ever Russia
96%
Who is the Current President of United States Donald Trump
76%
Which is the Preposition in This sentence? In
30%
Where do You Learn General Knollewdge School
27%
Famous Muslim Festival Eid
26%
Who was U.S The President Before Trump Barrack - Obama
24%
Which Religion Uses As Vedas and Gita as Their Holi Books Hinduism
21%
Best Footballer Of 2018 Lionel Messi
17%
When was last Time Eyjafjallajokull Erupted? 2010
11%
Which is The biggest River in China Yangtze`
11%
Which TV Program Tells News on CBBC Newsround
10%
Richest Country Ever Qatar
10%
What is a Three Lettered Aninal Which Starts with G Gnu
9%
Which Is a Mute Mammal Giraffe
5%
What is Europes Most Active Volcano Mount Etna
4%
Which City was the 2018 Winter Olympics Held? Pyeongchang
4%
No matching quizzes found
Score Distribution
Percent of People with Each Score
Percentile by Number Answered
Your Score History
You have not taken this quiz